Intellectuals and the German nation : collective identity in an axial age
Αποθηκεύτηκε σε:
| Κύριος συγγραφέας: | |
|---|---|
| Μορφή: | Βιβλίο |
| Γλώσσα: | English |
| Δημοσίευση: |
Cambridge :
Cambridge University Press,
c1998
|
| Σειρά: | Cambridge cultural social studies
|
| Θέματα: | |
| Ετικέτες: |
Προσθήκη ετικέτας
Δεν υπάρχουν, Καταχωρήστε ετικέτα πρώτοι!
|
MARC
| LEADER | 00000nam a2200000 i 4500 | ||
|---|---|---|---|
| 001 | 1/98316 | ||
| 008 | 000118s1998 eng d | ||
| 020 | |a 0-521-63996-4 | ||
| 035 | |l 10056469 | ||
| 040 | |a GR-MY-UA |b gre |e aacr | ||
| 041 | 0 | |a eng | |
| 082 | 0 | |a 320.540943 | |
| 100 | 1 | |a Giesen, Bernhard |d 1948- | |
| 245 | 1 | 0 | |a Intellectuals and the German nation : |b collective identity in an axial age / |c Bernhard Giesen ; translated by Nicholas Levis and Arnos Weisz |
| 260 | |a Cambridge : |b Cambridge University Press, |c c1998 | ||
| 300 | |a 246 p. | ||
| 490 | 1 | |a Cambridge cultural social studies | |
| 504 | |a Includes bibliographical references and index | ||
| 600 | 0 | 0 | |a Hegel Georg Wilhelm Friedrich |d 1770-1831. |
| 650 | 0 | 0 | |a Intellectuals |z Germany |x History |y 19th century. |
| 650 | 0 | 0 | |a Intellectuals |z Germany |x History |y 20th century. |
| 650 | 0 | 0 | |a Nationalism |z Germany |x History |y 19th century. |
| 650 | 0 | 0 | |a Nationalism |z Germany |x History |y 20th century. |
| 650 | 0 | 0 | |a Philosophy |x History. |
| 651 | 0 | |a Germany |x Historiography. | |
| 651 | 0 | |a Germany |x History |y 1945-1990. | |
| 830 | 0 | |a Cambridge cultural social studies | |
| 852 | |a INST |b LESVOS |e 20000118 |h 320.540943 GIE |p 005100022167 |q 005100022167 |t BK |y 0 | ||
| 901 | |a BIBL1-2000-1 | ||
| 909 | |a Λ |b 069521 | ||
| 920 | |a ΤMHMA ΚΟINΩΝΙΚΗΣ ΑΝΘΡΩΠΟΛΟΓΙΑΣ |y ΛΕΣΒΟΣ |z 1999-10 | ||
| 970 | |a ΤΖΑΦΕΡΗ |b ΕΥΑΓΓΕΛΙΑ |z 2000/01/18 | ||